000 00910nam a2200265Ia 4500
003 OSt
005 20220923210958.0
006 a|||||r|||| 00| 0
007 ta
008 220922b |||||||| |||| 00| 0 pan d
020 _a8130202689 (hbk)
_c160
024 _a349,539
037 _b172, 15/02/2019, National Book Shop
_cTextual
040 _aARTS
_cARTS
_bpan
041 _2pan
_apan
082 _aO113,3M77,SI, 153Q6
100 _aਹੈੱਸ, ਹਰਮਨ, ਂਚ.
_9156765
245 0 _aਸਿਧਾਰਥ
260 _aਪਟਿਆਲਾ
_b ਪਬਲੀਕੇFਨ ਬਿਊਰੋ
_c2016
300 _a97ਪ੍ਰ0
_ccm.
650 _a ਜਰਮਨ ਕਹਾਣੀ
_9156766
650 _aਜਰਮਨ ਸਾਹਿਤ
_9156767
942 _hO113,3M77,SI, 153Q6
_cTEXL
_2CC
999 _c293415
_d293415